First emperor of China (Record no. 143458)

MARC details
000 -LEADER
fixed length control field 01806cgm a2200373 a 4500
001 - CONTROL NUMBER
control field vtls003228129
003 - CONTROL NUMBER IDENTIFIER
control field MY-SjTCS
005 - DATE AND TIME OF LATEST TRANSACTION
control field 20200226115121.0
007 - PHYSICAL DESCRIPTION FIXED FIELD--GENERAL INFORMATION
fixed length control field vd cvairu
008 - FIXED-LENGTH DATA ELEMENTS--GENERAL INFORMATION
fixed length control field 111215s2005 cau |00 vueng d
039 #9 - LEVEL OF BIBLIOGRAPHIC CONTROL AND CODING DETAIL [OBSOLETE]
Level of rules in bibliographic description 201201131532
Level of effort used to assign nonsubject heading access points shuhada
Level of effort used to assign subject headings 201201131501
Level of effort used to assign classification shuhada
Level of effort used to assign subject headings 201201131255
Level of effort used to assign classification shuhada
-- 201112151639
-- malathy
041 0# - LANGUAGE CODE
Language code of text/sound track or separate title eng
043 ## - GEOGRAPHIC AREA CODE
Geographic area code a-cc--
082 04 - DEWEY DECIMAL CLASSIFICATION NUMBER
Classification number 931.04
Item number FIR 2005
245 00 - TITLE STATEMENT
Title First emperor of China
Medium [videorecording] /
Statement of responsibility, etc. National Film Board of Canada/China Xi'an Film Studio co-production in association with the Canadian Museum of Civilization ; directed by, Liu Hao Xue and Tony Ianzelo ; writers, Liu Yun Hui, Robert Duncan, Wang J Cheng.
260 ## - PUBLICATION, DISTRIBUTION, ETC.
Place of publication, distribution, etc. [Menlo Park, CA] :
Name of publisher, distributor, etc. Razor Digital Entertainment,
Date of publication, distribution, etc. c2005.
300 ## - PHYSICAL DESCRIPTION
Extent 1 videodisc (ca. 42 min.) :
Other physical details sd., col. ;
Dimensions 4 3/4 in.
490 0# - SERIES STATEMENT
Series statement IMAX theaters 15/70 collection
520 ## - SUMMARY, ETC.
Summary, etc. Chronicles the period of Qin Shihuang's rule. From the grandiose inner sanctum of Emperor Qin royal palace, to fierce battles with feudal kings, this historical drama re-creates the glory and the terror of the Qin Dynasty.
538 ## - SYSTEM DETAILS NOTE
System details note DVD, region 1, full screen presentation; Dolby Digital.
600 00 - SUBJECT ADDED ENTRY--PERSONAL NAME
Personal name Qin shi huang,
Titles and other words associated with a name Emperor of China,
Dates associated with a name 259-210 B.C.
General subdivision Tomb.
650 #0 - SUBJECT ADDED ENTRY--TOPICAL TERM
Topical term or geographic name entry element Terra-cotta sculpture, Chinese
Chronological subdivision Qin-Han dynasties, 221 B.C.-220 A.D.
9 (RLIN) 47049
651 #0 - SUBJECT ADDED ENTRY--GEOGRAPHIC NAME
Geographic name Shaanxi Sheng (China)
General subdivision Antiquities.
9 (RLIN) 48336
700 1# - ADDED ENTRY--PERSONAL NAME
Personal name Liu, Hao Xue.
700 1# - ADDED ENTRY--PERSONAL NAME
Personal name Ianzelo, Tony.
9 (RLIN) 58888
700 1# - ADDED ENTRY--PERSONAL NAME
Personal name Liu, Yun Hui.
700 1# - ADDED ENTRY--PERSONAL NAME
Personal name Duncan, Robert.
700 1# - ADDED ENTRY--PERSONAL NAME
Personal name Wang, J. Cheng.
710 2# - ADDED ENTRY--CORPORATE NAME
Corporate name or jurisdiction name as entry element Razor Digital Entertainment (Firm)
9 (RLIN) 58889
710 2# - ADDED ENTRY--CORPORATE NAME
Corporate name or jurisdiction name as entry element National Film Board of Canada.
9 (RLIN) 7129
710 2# - ADDED ENTRY--CORPORATE NAME
Corporate name or jurisdiction name as entry element Xi'an dian ying zhi pian chang.
9 (RLIN) 58890
710 2# - ADDED ENTRY--CORPORATE NAME
Corporate name or jurisdiction name as entry element Canadian Museum of Civilization.
9 (RLIN) 40130
920 ## - Programme
Programme SOC : 178004
Holdings
Withdrawn status Lost status Source of classification or shelving scheme Damaged status Not for loan Home library Current library Date acquired Cost, normal purchase price Total Checkouts Barcode Date last seen Date last checked out Copy number Cost, replacement price Koha item type Public note
    Dewey Decimal Classification     Taylor's Library-TU Taylor's Library-TU 10/01/2012 46.47 2 1000526768 05/12/2019 19/03/2012 1 46.47 Media Resources SOMAC,09030,02,GR